000 00167nam a2200073Ia 4500
008 170524s9999 xx 000 0 und d
100 _aMAHESHWARI
245 0 _aFINANCIAL ACCOUTING
260 _bHIMALAYA
999 _c8054
_d8054